Grupos de Amistad

Bibliographic Details
Main Author: Campos, Gonzalo Santiago
Format: eBook
Language:Spanish
Published: Ciudad de Mx̌ico: Cm̀ara de Diputados, 2007
Subjects:
Online Access:Acceso restringido

MARC

LEADER 00000nam a22000007a 4500
005 20170917232515.0
007 cr|||| ||||
008 170917s2007 mx |||||s||||f00||0 spa d
035 |a 20559 
040 |a vLex 
090 |c 6978  |d 6978 
100 1 |a Campos, Gonzalo Santiago 
245 1 0 |a Grupos de Amistad  |h [Recurso electrn̤ico] /  |c Gonzalo Santiago Campos 
256 |a Servicio en ln̕ea 
260 |a Ciudad de Mx̌ico:  |b Cm̀ara de Diputados,  |c 2007 
300 |a 1 recurso electrn̤ico (34 p.) 
506 1 |a Disponible solo en los productos indicados  |d vLex Global  |d vLex Global (Academic Edition, excluding Law Schools)  |d vLex Global (U.S. Academic Edition, Law Schools)  |d vLex Global (U.S. Academic Edition, excluding Law Schools)  |d vLex Global (Academic Edition, Law Schools) 
650 0 4 |a Derecho Constitucional  |z Mx̌ico 
740 0 |a vLex Libros (Servicio en ln̕ea) 
856 4 0 |u http://vlex.com/source/grupos-amistad-20559  |z Acceso restringido 
942 |c BOOK 
999 0 |a Constitutional right